Economic issues of aasam / (Record no. 140138)

MARC details
000 -LEADER
fixed length control field 00558nam a22001817a 4500
005 - DATE AND TIME OF LATEST TRANSACTION
control field 20170519141226.0
010 ## - LCCN (DPL NO)
LC control number ENG-118263
020 ## - INTERNATIONAL STANDARD BOOK NUMBER
International Standard Book Number 9788172132897
Terms of availability 595.00
035 ## - SYSTEM CONTROL NUMBER
System control number EN-101795
037 ## - SOURCE OF ACQUISITION
Source of stock number/acquisition DBAD/PUB
082 ## - DEWEY DECIMAL CLASSIFICATION NUMBER
Classification number 330.95451
100 ## - MAIN ENTRY--PERSONAL NAME
Personal name Hazarika, Prafulla
245 ## - TITLE STATEMENT
Title Economic issues of aasam /
Statement of responsibility, etc by Prafulla Hazarika
260 ## - PUBLICATION, DISTRIBUTION, ETC. (IMPRINT)
Place of publication, distribution, etc Guwahati
Name of publisher, distributor, etc Purbanchal Prakash
Date of publication, distribution, etc 2016
270 ## - ADDRESS
Address H.No.-2, Sewjee Path, Dr. B.N. Saikia Path, Wireless, Guwahati-781006
300 ## - PHYSICAL DESCRIPTION
Extent 190p
Dimensions 23cm.(Hb)
942 ## - ADDED ENTRY ELEMENTS (KOHA)
Source of classification or shelving scheme Dewey Decimal Classification
Item type English Books
Classification part 330.95451
Call number suffix HAZ
Holdings
Withdrawn status Lost status Not for loan Collection code Home library Current library Date acquired Source of acquisition Cost, normal purchase price Full call number Barcode Copy number Cost, replacement price Koha item type
    Not For Loan Non-fiction D.B.Act.Division D.B.Act.Division 19/05/2017 DBAD/PUB 595.00 330.95451 HAZ EN-101795 1 595.00 English Books

© Delhi Public Library
Hit Counter
free hit counter